1146 1306 1824 1799 1275 1241 1835 1708 1307 1659 1317 1699 1830 1663 1711 1640 1829 1896 1850 1990 1982 1328 1949 1951 1614 1785 1171 1707 1897 1283 1089 1464 1869 1570 1054 1844 1789 1853 1208 1994 1412 1753 1262 1584 1830 1766 1790 1837 1589 1376 1967 1680 1391 1493 1335 1422 1265 1330 1634 1685 1782 1382 1680 1228 1626 1913 1824 1348 1123 1815 1327 1205 1411 1119 1450 1509 1254 1803 1110 1204 1636 1329 1709 1674 1518 1291 1726 1438 1032 1182 1361 1715 1583 1551 1549 1431 1872 1644 1438 BCNSPRNW ULIB Ver.6.0+V

เปลี่ยนเป็นภาษาไทย

Change to English
 แสดงรายละเอียดบรรณานุกรม
  กลับหน้าหลัก

Brief Record : Get Marc (ISO 2709) : E-mail record : QR code < ปิดหน้าต่าง
LEADER : 00000nam 2200000uu 4500
001    13399129188
003     ULIB
008    020711s2564 th a 000 0 tha d
020    9786160451814
060    QS4 ป553ก
110    ปาร์รามอง
245    กายวิภาคศาสตร์และสรีรวิทยา ฉบับปรับปรุง = Anatomy physiology
250    พิมพ์ครั้งที่ 7
260    กรุงเทพฯ :^bนานมีบุ๊คส์,^c2568
300    196 หน้า;^b30 ซม. ซม.
650    Anatomy physiology^xส่วนประกอบของร่างกายมนุษย์^yระบบกระดูกเเละกล้ามเนื้อ^zชีวิต
710    Parramon.
710    ภุชงค์ เดชอาคม, ผู้แปล
999    ^aกัณชพร
รายการนี้ยังไม่มีแท็ก
คุณยังไม่ได้ล็อกอิน คุณสามารถมีกิจกรรมร่วมกับเว็บไซต์ได้ แต่ต้องล็อกอินก่อน ::
  ล็อกอิน

รายการสื่อสารสนเทศ

ลำดับที่ ประเภท เลขเรียก/บาร์โค้ด สถานที่ สถานะ
1. วิทยาศาสตร์การแพทย์ และสุขภาพ
วิทยาศาสตร์การแพทย์ และสุขภาพ
QS4 ป553ก ฉ.1 
  Barcode: 30591
ห้องสมุดวิทยาเขตนครสวรรค์
►หนังสือทั่วไป:l:General Books
บนชั้น
2. วิทยาศาสตร์การแพทย์ และสุขภาพ
วิทยาศาสตร์การแพทย์ และสุขภาพ
QS4 ป553ก ฉ.2 
  Barcode: 30592
ห้องสมุดวิทยาเขตนครสวรรค์
►หนังสือทั่วไป:l:General Books
บนชั้น
3. วิทยาศาสตร์การแพทย์ และสุขภาพ
วิทยาศาสตร์การแพทย์ และสุขภาพ
QS4 ป553ก ฉ.3 
  Barcode: 30593
ห้องสมุดวิทยาเขตนครสวรรค์
►หนังสือทั่วไป:l:General Books
บนชั้น
4. วิทยาศาสตร์การแพทย์ และสุขภาพ
วิทยาศาสตร์การแพทย์ และสุขภาพ
QS4 ป553ก ฉ.4 
  Barcode: 30594
ห้องสมุดวิทยาเขตนครสวรรค์
►หนังสือทั่วไป:l:General Books
บนชั้น
5. วิทยาศาสตร์การแพทย์ และสุขภาพ
วิทยาศาสตร์การแพทย์ และสุขภาพ
QS4 ป553ก ฉ.5 
  Barcode: 30595
ห้องสมุดวิทยาเขตนครสวรรค์
►หนังสือทั่วไป:l:General Books
บนชั้น

BibComment


ยังไม่เคยถูกคอมเมนท์

คอมเมนท์ทรัพยากรรายการนี้
  คอมเมนท์: กายวิภาคศาสตร์และ..


 Copyright 2026. Bcnsprnw @Library